000
00329nam a22001457a 4500
003
SGT
020
_a
978-93-91910-29-7
082
_a
615
_b
TRI
100
_a
TRIPATHI, D. K.
245
_a
INDUSTRIAL PHARMACY -I
260
_a
INDIA
_b
PHARMA MED PUB.
_c
2023
300
_a
525
650
_a
INDUSTRIAL PHARMACY
942
_2
ddc
_c
BK
999
_c
32532
_d
32532